| 000 | 00927cam a2200241 4500 | ||
|---|---|---|---|
| 001 | ##L131066 | ||
| 002 | ##9056 | ||
| 008 | 050923n2005 000 0 eng u | ||
| 020 | _a0954736958 | ||
| 035 | _a(Sirsi) u131066 | ||
| 041 | 0 | _aeng | |
| 050 | 0 | 4 | _a692.5 $2 18 |
| 245 | 0 | 0 |
_aWessex SMM7 estimating price book _b2006 |
| 250 | _a11th ed. | ||
| 260 | 3 |
_aPoole _bWessex _c2005 |
|
| 300 |
_aca. 600p. _c30cm |
||
| 350 | _a74.95 | ||
| 520 | _aA standard building price book aimed at providing building contractors and consultants with a comprehensive guide to the current (net cost) unit prices for building work and enabling users to ensure that their rates are competitive. Includes labour constraints, an approximate estimating section, professional information and BCIS square metre rates. | ||
| 590 | _aIKA061205 | ||
| 690 | _aBUILT ENVIRONMENT-BUILDING COSTS | ||
| 700 | 1 |
_aBarnett, N.P. _eEditor |
|
| 942 | _n0 | ||
| 999 |
_c104623 _d104623 |
||